00365nam a2200145Ia 4500008004100000020001500041041000800056082001700064100005100081245002600132250000700158260003300165300001200198650000900210210716s2005 xx 000 0 und d a0072881305 aeng a658.408 LAWA aLawrence, Anne T; Weber, James; Post, James E. aBusiness and society. a11 aNew YorkbMc Graw Hillc2005 axxi,535 aNone